000 00334nam a2200133Ia 4500
008 240624s9999 xx 000 0 und d
041 _aeng
082 _a153.9 ERI
100 _aERICSSON ANDERS
245 _aPEAK SECRETS FROM THE NEW SCIENCE OF EXP
260 _c2017
_aNew York
_bMariner
300 _a307 p.; 20 cm.
365 _cRS
999 _c29357
_d29357